000 00689nam a22002177a 4500
003 OSt
005 20230921104140.0
008 221006b |||||||| |||| 00| 0 eng d
040 _cBiblioteca Lado V
082 _a746.4
_bC417e
100 _91083
_aCersosimo, Emilia
_eautor
245 _aEmilia Cersosimo/
260 _bInstituto Italo - Latinoamericano
_c2002
_aCosta Rica
300 _c21x28cm
_a8p.
366 _espa
505 _tPresentación
650 _2Tesauro de Arte & Arquitectura
_aARTE
_9703
650 _2Tesauro de Arte & Arquitectura
_aTEXTILES
_9702
650 _2Tesauro de Arte & Arquitectura
_aTEJIDO
_9702
942 _2ddc
_c1
_h746.4
_iC417e
_n0
999 _c4363
_d4363